Aztec Empire quiz - Statistics

General Stats
  • This quiz has been taken 63 times
  • The average score is 5 of 15
Answer Stats
Hint Answer % Correct
The capital of Aztec Empire Tenochtitlán
89%
Conqueror of Aztec empire Hernán Cortés
83%
Language which Aztecs spoke nahuatl
72%
Principal agricultural product corn
46%
Main deity and god of war Huitzilopochtli
37%
Aztec god of rain Tlaloc
37%
Mythical homeland Aztlán
30%
Second largest city Texcoco
26%
The year of fall 1521
24%
Main rival power Tlaxcala
24%
Duration of calendar cycle in years 52
22%
The title of Aztec ruler tlatoani
22%
Biggest market Tlatelolco
13%
Aztec ruler between 1486-1502 Ahuitzotl
11%
Educational institution calmecac
6%
No matching quizzes found
Score Distribution
Percent of People with Each Score
Percentile by Number Answered
Your Score History
You have not taken this quiz